Manual Of Forest Fruits Seeds And Seedling
| Main Author: | |
|---|---|
| Format: | Book |
| Language: | English |
| Published: |
Kuala Lumpur :
Forest Research Institute Malaysia ,
1988
|
| Subjects: |
MARC
| LEADER | 00000cam a2200000 7i4500 | ||
|---|---|---|---|
| 001 | 0000047981 | ||
| 005 | 20130201.0 | ||
| 008 | 130201 eng | ||
| 020 | |a 983959205X | ||
| 090 | 0 | 0 | |a 634.9562 NGF |
| 100 | 1 | |a Ng, F.S.P | |
| 245 | 1 | 0 | |a Manual Of Forest Fruits Seeds And Seedling |c F.S.P.Ng |
| 260 | |a Kuala Lumpur : |b Forest Research Institute Malaysia , |c 1988 | ||
| 300 | |a 384p : |b col.ill ; |c 28cm. | ||
| 650 | 0 | 0 | |a Seedlings |
| 999 | |a 62062 |b Buku |c Rujukan |e Perbadanan Perpustakaan Awam Melaka | ||